| 000 | 008620000a22002290004500 | ||
|---|---|---|---|
| 090 |
_aMM _b00188 |
||
| 245 | 1 | 0 | _aAplicación metodológica al ordenamiento territorial de Belén de los Andaquíes |
| 300 | _bCD-ROM | ||
| 440 | 0 |
_aSerie Ordenamiento Territorial , 3 _9100997 |
|
| 500 | _aRequerimientos del sistema: Windows 95 o superior, Procesador Pentium o superior Software: Quick Time 4.1 | ||
| 650 | 1 | 4 |
_aOrdenamiento territorial municipal _9100995 |
| 650 | 1 | 4 |
_aPlanes de ordenamiento territorial _92772 |
| 650 | 1 | 4 |
_aUso del suelo _93216 |
| 650 | 1 | 4 |
_aCartografía _992714 |
| 650 | 1 | 4 |
_aDiagnóstico ambiental _94571 |
| 651 | 4 |
_mBelén de los Andaquíes _dCaquetá _pColombia _992749 |
|
| 041 | 0 | _aEspañol | |
| 044 | _aColombia | ||
| 110 | 1 |
_aInstituto Geográfico Agustín Codazzi _sIGAC _918570 |
|
| 260 |
_aBogotá _bIGAC _c2001 |
||
| 942 | _cCD-ROM | ||
| 999 |
_c16564 _d16564 |
||